Revisiting Vietnam's remarkable record on poverty reduction : Progress and new challenges
Poverty reduction poses special challenges in those rural districts of Vietnam that are isolated or face resource scarcity and environmental degradation, and in the slums and squatter settlements of the major cities which are the destination for an increasing number of poor rural migrants. Vietnam...
Enregistré dans:
| Collectivité auteur: | |
|---|---|
| Format: | Livre |
| Langue: | Undetermined |
| Publié: |
Ha Noi
The World Bank (WB)
2012
|
| Sujets: | |
| Tags: |
Ajouter un tag
Pas de tags, Soyez le premier à ajouter un tag!
|
| Thư viện lưu trữ: | Trung tâm Học liệu Trường Đại học Cần Thơ |
|---|
| LEADER | 01171nam a2200229Ia 4500 | ||
|---|---|---|---|
| 001 | CTU_178716 | ||
| 008 | 210402s9999 xx 000 0 und d | ||
| 082 | |a 362.57 | ||
| 082 | |b W927 | ||
| 110 | |a The World Bank (WB) | ||
| 245 | 0 | |a Revisiting Vietnam's remarkable record on poverty reduction : | |
| 245 | 0 | |b Progress and new challenges | |
| 245 | 4 | |c The World Bank (WB) | |
| 260 | |a Ha Noi | ||
| 260 | |b The World Bank (WB) | ||
| 260 | |c 2012 | ||
| 520 | |a Poverty reduction poses special challenges in those rural districts of Vietnam that are isolated or face resource scarcity and environmental degradation, and in the slums and squatter settlements of the major cities which are the destination for an increasing number of poor rural migrants. Vietnam's recent market liberalization is not sufficient to reduce poverty in these disadvantaged areas. Distinct, locally appropriate policies and innovative projects are needed. | ||
| 650 | |a Poverty,Poor,Nghèo | ||
| 650 | |x Government policy,Chính sách nhà nước | ||
| 650 | |z Vietnam,Vietnam,Việt Nam | ||
| 904 | |i Trọng Hiếu | ||
| 980 | |a Trung tâm Học liệu Trường Đại học Cần Thơ | ||